Peter Pucher: K prvému titulu prvý "veľký bod?"

Podrobná bibliografia
Korporatívny autor: HC VSŽ Košice (Autor)
Ďalší autori: Peter (iní)
Médium: Článok
Jazyk:slovenčina
Predmet:

MARC

LEADER 00000nab a2200000 a 4500
001 vtls000929896
003 SK-MaSNL
005 20260303033159.0
008 040720e19990429xo 0 slo
035 |a KE38773 
040 |a KEVKJB  |b slo  |c KEVKJB  |e AACR2 
041 0 |a slo 
044 |a xo  |c SK 
080 |a 796.966  |2 1981 
080 |a 929  |2 1981 
245 0 0 |a Peter Pucher: K prvému titulu prvý "veľký bod?" 
600 1 7 |a Pucher, Peter,  |d 1974-  |2 KEVKJB  |9 22424 
610 2 7 |a HC VSŽ Košice  |2 KEVKJB  |9 70351 
650 0 7 |a ľadový hokej  |2 KEVKJB  |9 3231 
650 0 7 |a kariéra športová  |2 KEVKJB  |9 873765 
651 7 |a Košice (Slovensko)  |2 KEVKJB  |9 18694 
651 7 |a PO,  |2 KEVKJB  |9 880662 
700 0 |a Peter  |4 iní  |9 1016602 
710 2 |a HC VSŽ Košice  |4 aut  |9 70351 
773 0 8 |t Šport  |g Roč. 53  |g Roč. 20, č.98, 29.4.1999, s. 28 
852 |a ZVYKNI  |b KIS3GCP 
999 |c 1668893  |d 1670823